书目信息 |
| 题名: |
新闻研究资料(丛刊)
|
|
| 作者: | ;中国社会科学院新闻研究所《新闻研究资料》编辑室 辑 | |
| 分册: | 第十二辑 | |
| 出版信息: | 北京 展望出版社 1982.06 |
|
| 页数: | 303页 | |
| 开本: | 19cm | |
| 丛书名: | ||
| 单 册: | ||
| 中图分类: | G219.2-53 | |
| 科图分类: | ||
| 主题词: | 新闻学 , 新闻工作 | |
| 电子资源: | ||
| ISBN: | ||
| 000 | 00745nam0 2200217 45 | |
| 001 | 0302170920 | |
| 005 | 20031219104106.9 | |
| 010 | @dCNY0.80 | |
| 091 | @a7203.031 | |
| 100 | @a20030217d1982 km y0chiy0120 ea | |
| 101 | 0 | @achi |
| 105 | @a z 000yy | |
| 200 | 1 | @a新闻研究资料(丛刊)@AXin Wen Yan Jiu Zi Liao(Cong Kan)@h第十二辑@f中国社会科学院新闻研究所《新闻研究资料》编辑室辑@FZhong Guo She Hui Ke Xue Yuan Xin Wen Yan Jiu Suo《Xin Wen Yan Jiu Zi Liao》Bian Ji Shi Ji |
| 210 | @a北京@c展望出版社@d1982.06 | |
| 215 | @a303页@d19cm | |
| 606 | 0 | @a新闻学 |
| 606 | 0 | @a新闻工作 |
| 690 | @aG219.2-53@v3 | |
| 711 | 02 | @a中国社会科学院新闻研究所《新闻研究资料》编辑室@4辑 |
| 801 | @aCN@bTSTC@c20030314 | |
| 905 | @dG219.2-53@e13:12@f1@b129711 | |
| 新闻研究资料(丛刊).第十二辑/中国社会科学院新闻研究所《新闻研究资料》编辑室辑.-北京:展望出版社,1982.06 |
| 303页;19cm |
| ISBN :CNY0.80 |
| ● |
| 相关链接 |
|
|
|
|
正题名:新闻研究资料(丛刊)
索取号:G219.2-53/13:12
 
预约/预借
| 序号 | 登录号 | 条形码 | 馆藏地/架位号 | 状态 | 备注 |
| 1 | 0129710 | 000494744 | 密集书库/ [索取号:G219.2-53/13:12] | 在馆 | |
| 2 | 0129711 | 001766280 | 密集书库/ [索取号:G219.2-53/13:12] | 在馆 |